[Event "ch-CRO 2017"]
[Site "Valpovo CRO"]
[Date "2017.05.04"]
[Round "10.2"]
[White "Jovanic,O"]
[Black "Kovacevic,Bl"]
[Result "0-1"]
[WhiteElo "2492"]
[BlackElo "2483"]

1.d4 e6 2.c4 Bb4+ 3.Bd2 a5 4.Nc3 f5 5.e3 Nf6 6.Bd3 O-O 7.Nge2 d6 8.Qc2 Nc6
9.O-O Bd7 10.Rad1 Bxc3 11.bxc3 Qe8 12.f3 a4 13.h3 e5 14.Bxf5 Bxf5 15.Qxf5 Na5
16.c5 Nc4 17.cxd6 cxd6 18.dxe5 dxe5 19.Ng3 Qc6 20.Bc1 Nd5 21.Qd3 Rad8 22.Ne4
b5 23.Kh1 h6 24.Rfe1 Rd7 25.Qc2 Rfd8 26.Rd3 Nd6 27.Nxd6 Nb4 28.Qb1 Nxd3 {#R}
0-1

[Event "ch-CRO 2017"]
[Site "Valpovo CRO"]
[Date "2017.05.04"]
[Round "10.4"]
[White "Saric,Iv"]
[Black "Saric,A"]
[Result "1-0"]
[WhiteElo "2609"]
[BlackElo "2544"]

1.e4 e6 2.d4 d5 3.Nc3 Nf6 4.e5 Nfd7 5.f4 c5 6.Nf3 Nc6 7.Be3 a6 8.Qd2 b5 9.Nd1
Qb6 10.c3 cxd4 11.Nxd4 Nxd4 12.cxd4 a5 13.Bd3 Bb4 14.Nc3 O-O 15.O-O Ba6 16.f5
Bxc3 17.bxc3 b4 18.Bxa6 bxc3 19.Qf2 Qxa6 20.f6 Qd3 21.fxg7 Kxg7 22.Rae1 Qg6
23.Bc1 f6 24.Ba3 Rf7 25.Qe3 fxe5 26.Rxf7+ Kxf7 27.Qxc3 Rg8 28.g3 Kg7 29.Qc7
Qe8 30.Rb1 Kh8 31.Bd6 Qg6 32.Rf1 Qe4 33.Qxd7 Qe3+ 34.Kg2 Qe4+ 35.Rf3 exd4
36.Qf7 h6 37.Qf6+ Kh7 38.Be5 Qc2+ 39.Kh3 {#r} 1-0

[Event "ch-LAT 2017"]
[Site "Riga LAT"]
[Date "2017.05.04"]
[Round "6.1"]
[White "Bernotas,A"]
[Black "Tokranovs,Dmitrijs"]
[Result "1-0"]
[WhiteElo "2393"]
[BlackElo "2227"]

1.e4 c6 2.Nc3 g6 3.d4 d5 4.h3 Bg7 5.Nf3 dxe4 6.Nxe4 Nf6 7.Nxf6+ Bxf6 8.Bc4 Qd6
9.O-O O-O 10.Re1 Nd7 11.c3 Bg7 12.Bg5 e6 13.Qd2 Nf6 14.Rad1 Re8 15.Ne5 Nd5
16.Bh6 Bh8 17.Qe2 f6 18.Nd3 b6 19.Bb3 Bg7 20.Bxg7 Kxg7 21.Qe4 Bd7 22.c4 Nc7
23.h4 Rad8 24.h5 g5 25.Bc2 Bc8 26.Ne5 f5 27.Qxc6 Qxc6 28.Nxc6 Rd6 29.Nxa7 Ba6
30.c5 bxc5 31.dxc5 Rxd1 32.Rxd1 Nd5 33.Bb3 Nf4 34.Rd6 Bd3 35.c6 Re7 36.Rd7 Kf6
37.Rxe7 Kxe7 38.c7 {#r} 1-0

[Event "ch-LAT 2017"]
[Site "Riga LAT"]
[Date "2017.05.04"]
[Round "6.3"]
[White "Berzinsh,R"]
[Black "Kantans,T"]
[Result "0-1"]
[WhiteElo "2428"]
[BlackElo "2468"]

1.d4 Nf6 2.Bf4 c5 3.e3 e6 4.Nf3 Qb6 5.Nc3 Nc6 6.Nb5 Nd5 7.dxc5 Bxc5 8.Bg3 O-O
9.c4 Nf6 10.a3 d6 11.b4 Nxb4 12.axb4 Bxb4+ 13.Ke2 e5 14.Qb3 a5 15.Nc3 Be6
16.Nd2 Qc6 17.Bh4 d5 18.Bxf6 dxc4 19.Qc2 gxf6 20.Rg1 Rfd8 21.g4 Bxc3 22.Qxc3
Rd3 23.Qc2 Rad8 24.Nb1 Qe4 25.Na3 b5 26.Ke1 Rxe3+ 27.fxe3 Qxe3+ 28.Qe2 Qxg1
29.Nxb5 Qc5 30.Nc3 Rd3 31.Qc2 Re3+ {#R} 0-1

[Event "ch-LAT 2017"]
[Site "Riga LAT"]
[Date "2017.05.04"]
[Round "6.5"]
[White "Sveshnikov,V"]
[Black "Neiksans,A"]
[Result "0-1"]
[WhiteElo "2398"]
[BlackElo "2599"]

1.e4 c5 2.c3 Nf6 3.e5 Nd5 4.Bc4 Nb6 5.Bb3 c4 6.Bc2 Nc6 7.Nf3 d6 8.exd6 e5 9.a4
Bxd6 10.a5 Nd5 11.O-O Nf4 12.Na3 Bxa3 13.Rxa3 O-O 14.b3 Nxa5 15.b4 Nc6 16.b5
Ne7 17.Nxe5 Qd5 18.Nf3 Bg4 19.d4 cxd3 20.Bxf4 dxc2 21.Qxc2 Bxf3 22.gxf3 Qxf3
23.Bd6 Nf5 24.c4 Qg4+ 25.Bg3 Nd4 26.Qa4 Rfe8 27.c5 h5 28.h3 Qe4 29.Rd1 Ne2+
30.Kh2 Nxg3 31.Kxg3 Qe5+ 32.Qf4 h4+ 33.Kg4 Qe2+ 34.Qf3 Qc4+ {#R} 0-1

[Event "ch-LAT 2017"]
[Site "Riga LAT"]
[Date "2017.05.04"]
[Round "6.12"]
[White "Starostits,I"]
[Black "Avotins,Maigonis"]
[Result "1-0"]
[WhiteElo "2409"]
[BlackElo "1972"]

1.e4 c5 2.Nf3 d6 3.d4 cxd4 4.Nxd4 Nf6 5.Nc3 a6 6.Bc4 e6 7.Bb3 Nbd7 8.f4 Nc5
9.O-O Be7 10.e5 dxe5 11.fxe5 Nxb3 12.axb3 Bc5 13.Be3 Nd5 14.Bf2 O-O 15.Ne4 Ba7
16.c3 f6 17.exf6 Nxf6 18.Qe2 e5 19.Nf3 Bxf2+ 20.Nxf2 Qb6 21.b4 Bg4 22.Kh1 Rae8
23.Nxg4 Nxg4 24.h3 Ne3 25.Rfe1 e4 26.Nd4 Nd5 27.Qc4 Qd6 28.Rad1 Kh8 29.Nc2 Rf2
30.Rxd5 Qg3 31.Qxe4 Ref8 32.Ne3 R2f4 33.Qb1 g5 34.Rf5 Re8 35.Rxf4 gxf4 36.Nc2
Rg8 37.Rg1 f3 38.Ne3 fxg2+ 39.Rxg2 Qxh3+ 40.Rh2 Qf3+ 41.Ng2 Rg7 42.Qe1 Rf7
43.Rh4 Rg7 44.Qe8+ Rg8 45.Qe4 {#r} 1-0

[Event "ch-LAT 2017"]
[Site "Riga LAT"]
[Date "2017.05.04"]
[Round "7.1"]
[White "Stepins,E"]
[Black "Bernotas,A"]
[Result "0-1"]
[WhiteElo "2248"]
[BlackElo "2393"]

1.Nf3 Nf6 2.g3 d5 3.Bg2 e6 4.O-O Nbd7 5.d4 Be7 6.c4 dxc4 7.Qa4 a6 8.Qxc4 b5
9.Qc2 Bb7 10.Nc3 c5 11.Rd1 Rc8 12.dxc5 Bxc5 13.a3 Qb6 14.e3 O-O 15.b4 Bd6
16.Bb2 Ne5 17.Nxe5 Bxe5 18.Rac1 Bxg2 19.Kxg2 Rc4 20.Rd3 Rfc8 21.f3 Nd5 22.Qd2
Bxc3 23.Bxc3 Qc7 24.e4 Rxc3 25.Rcxc3 Nxc3 26.Rd7 Qb8 27.Qd4 Na4 28.Rd6 Qa8
29.Kh3 h6 30.Rd7 Qc6 31.Qa7 Rf8 32.Rc7 Qb6 33.Rb7 Qxa7 34.Rxa7 Rd8 35.Rxa6 Rd3
36.Kg2 Rxa3 {#R} 0-1

[Event "ch-LAT 2017"]
[Site "Riga LAT"]
[Date "2017.05.04"]
[Round "7.2"]
[White "Tokranovs,Dmitrijs"]
[Black "Miezis,N"]
[Result "1-0"]
[WhiteElo "2227"]
[BlackElo "2468"]

1.e4 e6 2.d4 d5 3.Nc3 c5 4.exd5 exd5 5.dxc5 Nf6 6.Be3 Be6 7.Nf3 Nbd7 8.Bb5 Rc8
9.b4 Be7 10.O-O O-O 11.a3 Nb8 12.Qd3 Qc7 13.Ba4 Nc6 14.Bb3 Rfd8 15.h3 Qd7
16.Rfd1 Bxh3 17.gxh3 Qxh3 18.Bf4 d4 19.Ne2 Nd5 20.Bg3 Qg4 21.b5 Na5 22.Ne5 Qh5
23.Bxd5 Rxd5 24.Nf4 Qxe5 25.Re1 Bxc5 26.Qf3 Qxe1+ 27.Rxe1 Rf5 28.Qe4 g6 29.Nd5
Nc4 30.Ne7+ Bxe7 31.Qxb7 Rf8 32.Rxe7 Nxa3 33.Re5 Rxe5 34.Bxe5 Nxc2 35.Qc6 {#r}
1-0

[Event "ch-LAT 2017"]
[Site "Riga LAT"]
[Date "2017.05.04"]
[Round "7.5"]
[White "Meijers,V"]
[Black "Kretainis,K"]
[Result "1-0"]
[WhiteElo "2490"]
[BlackElo "2246"]

1.c4 e6 2.b3 d5 3.Bb2 Nf6 4.Nf3 Be7 5.g3 O-O 6.Bg2 c5 7.cxd5 Nxd5 8.O-O Nc6
9.Nc3 Bf6 10.Qc1 Nxc3 11.Bxc3 Nd4 12.Re1 Qb6 13.d3 Nxf3+ 14.Bxf3 Bxc3 15.Qxc3
Bd7 16.Rec1 Rac8 17.Rc2 Bc6 18.e4 Rfd8 19.Be2 Bd7 20.Rac1 a5 21.Qd2 a4 22.Rc3
Qd6 23.Qc2 axb3 24.axb3 b6 25.b4 f6 26.bxc5 Rxc5 27.Rxc5 bxc5 28.Qxc5 Qxc5
29.Rxc5 Rc8 30.Ra5 Rc7 31.f4 Kf7 32.Kf2 Ke7 33.Ke3 Rb7 34.g4 h6 35.h4 Rb5
36.Ra7 g5 37.fxg5 fxg5 38.Bd1 Rb4 39.hxg5 hxg5 40.e5 Kd8 41.Ra8+ Bc8 42.Bf3
Rb5 43.Kd4 Rb3 44.Be4 Rb5 45.Kc4 Rb6 46.Kc5 Rb2 47.Bc6 Rc2+ 48.Kd6 Rd2 49.Bb5
Rb2 50.Bc4 {#r} 1-0

[Event "ch-LAT 2017"]
[Site "Riga LAT"]
[Date "2017.05.04"]
[Round "7.8"]
[White "Dzjuba,V"]
[Black "Semjonovs,Ilja"]
[Result "0-1"]
[WhiteElo "2269"]
[BlackElo "2122"]

1.e4 c5 2.Nf3 d6 3.d4 cxd4 4.Nxd4 Nf6 5.Nc3 a6 6.h3 e5 7.Nb3 h5 8.Be3 Be6
9.Qf3 Nbd7 10.O-O-O Rc8 11.Nd5 Bxd5 12.exd5 Qc7 13.Bd3 a5 14.a4 Be7 15.c3 e4
16.Bxe4 Qc4 17.Bc2 Qxa4 18.Qe2 Qa2 19.Nd4 Qa1+ 20.Bb1 O-O 21.Nf5 Rfe8 22.Bd4
Bf8 23.Qd2 g6 24.Nh6+ Bxh6 25.Qxh6 Re2 26.Rd2 Rxd2 27.Qxd2 a4 28.Re1 Nc5
29.Bxc5 Rxc5 30.Qd4 a3 31.bxa3 Rxc3+ {#R} 0-1

[Event "ch-LAT 2017"]
[Site "Riga LAT"]
[Date "2017.05.04"]
[Round "7.13"]
[White "Skuja,A"]
[Black "Polyakov,Fedor"]
[Result "1-0"]
[WhiteElo "2099"]
[BlackElo "2086"]

1.e4 c5 2.Nf3 Nc6 3.Nc3 Nf6 4.Bc4 d6 5.d4 cxd4 6.Nxd4 g6 7.Nxc6 bxc6 8.e5 Nd7
9.exd6 e6 10.Ne4 Bg7 11.O-O O-O 12.Bg5 Qa5 13.Be7 Re8 14.c3 c5 15.Qd2 Bb7
16.Qf4 Bxe4 17.Qxe4 Ne5 18.Bb3 c4 19.Bxc4 Nxc4 20.Qxc4 Bf8 21.Bxf8 Rxf8 22.d7
Rfd8 23.Rad1 Rab8 24.b4 Qa4 25.Qc7 Qxa2 26.c4 Qa6 27.c5 Qb7 28.Qd6 Qa8 29.c6
Rb6 30.c7 Rxd6 31.Rxd6 Kg7 32.Rc1 {#r} 1-0

[Event "ch-LAT 2017"]
[Site "Riga LAT"]
[Date "2017.05.04"]
[Round "7.14"]
[White "Avotins,Maigonis"]
[Black "Stabulnieks,Klavs"]
[Result "1-0"]
[WhiteElo "1972"]
[BlackElo "2133"]

1.e4 c5 2.Nf3 e6 3.d4 cxd4 4.Nxd4 a6 5.c4 Nf6 6.Bd3 Nc6 7.Nxc6 dxc6 8.Be3 e5
9.f3 h5 10.Nc3 Be6 11.Na4 Bb4+ 12.Kf2 Be7 13.Nb6 Rb8 14.Qc2 g5 15.Rad1 g4
16.c5 gxf3 17.gxf3 Rg8 18.Rhg1 Ng4+ 19.Ke2 Bg5 20.Bc4 Qf6 21.Bxg5 Qxg5 22.Qd2
Qh4 23.Bxe6 Qf2+ 24.Kd3 Ke7 25.Bxg4 Rbd8+ 26.Bd7 Qd4+ 27.Ke2 Qxc5 28.Rxg8 Rxg8
29.Nc8+ {#r} 1-0

[Event "Nakhchivan Open 2017"]
[Site "Nakhchivan AZE"]
[Date "2017.05.04"]
[Round "2.7"]
[White "Sadikhov,U"]
[Black "Mammadov,Sadig"]
[Result "1-0"]
[WhiteElo "2467"]
[BlackElo "2091"]

1.b3 d5 2.Bb2 Bf5 3.g3 e6 4.Bg2 Nf6 5.Nf3 h6 6.O-O c5 7.d3 Be7 8.Nbd2 O-O
9.Ne5 Nbd7 10.e4 Bh7 11.Nxd7 Qxd7 12.Qe2 Rac8 13.f4 b5 14.Rad1 a5 15.c4 bxc4
16.bxc4 d4 17.e5 Ne8 18.Ne4 f5 19.exf6 Nxf6 20.Nf2 Kh8 21.Rde1 Rb8 22.Bc1 Bg8
23.Bh3 Rb6 24.g4 Nh7 25.Ne4 e5 26.f5 Ng5 27.Nxg5 hxg5 28.Bg2 Bf6 29.Be4 Qe7
30.Rf3 Rb1 31.Rh3+ Bh7 32.Qg2 Rd8 33.Bd5 Rxd5 34.Qxd5 Rb8 35.Rh5 Rd8 36.Qf3
Kg8 37.Rf1 Rd6 38.Qe4 Qf7 39.Bxg5 Bxg5 40.Rxg5 Qf6 41.Rh5 {#r} 1-0

[Event "Nakhchivan Open 2017"]
[Site "Nakhchivan AZE"]
[Date "2017.05.04"]
[Round "2.10"]
[White "Mamedjarova,Z"]
[Black "Beradze,I"]
[Result "0-1"]
[WhiteElo "2321"]
[BlackElo "2472"]

1.d4 Nf6 2.Nf3 e6 3.e3 b6 4.Be2 Bb7 5.O-O Be7 6.b3 O-O 7.Bb2 c5 8.Nbd2 Nc6
9.dxc5 bxc5 10.c4 d6 11.Qc2 h6 12.Rfd1 Qc7 13.a3 Rfd8 14.Nf1 a5 15.Bc3 Ne8
16.Ng3 Bf6 17.Nh5 Bxc3 18.Qxc3 Rab8 19.Rd2 Ba8 20.Bd1 Ne7 21.Bc2 e5 22.Rad1 f5
23.Ng3 e4 24.Ne1 Nf6 25.f3 d5 26.cxd5 Nfxd5 27.Qc4 Kh8 28.Nf1 exf3 29.Nxf3 Rd6
30.e4 Nb6 31.Qc3 Rxd2 32.N1xd2 fxe4 33.Nxe4 Nbd5 34.Qe1 Rf8 35.Ng3 Nf4 36.Be4
Ned5 37.Bf5 Qb6 38.Kh1 Qxb3 39.Rb1 Qa2 40.Nh4 Bc6 41.Qe5 Ne7 42.Rg1 Nxg2
43.Be4 Nxh4 44.Qxe7 Ng6 45.Qxc5 Rf2 46.Qh5 Qc2 47.Re1 Nf4 48.Qh4 Bxe4+ 49.Nxe4
Rf1+ {#R} 0-1

[Event "Nakhchivan Open 2017"]
[Site "Nakhchivan AZE"]
[Date "2017.05.04"]
[Round "2.12"]
[White "Iskandarov,M"]
[Black "Agayev,N"]
[Result "1-0"]
[WhiteElo "2444"]
[BlackElo "2347"]

1.e4 e5 2.Nf3 Nf6 3.Nxe5 d6 4.Nf3 Nxe4 5.d4 d5 6.Bd3 Nc6 7.O-O Be7 8.Re1 Bg4
9.c3 f5 10.Qb3 O-O 11.Nbd2 Kh8 12.Qxb7 Rf6 13.Qb3 Rb8 14.Qa4 Rg6 15.Kf1 Bh4
16.g3 Bh3+ 17.Kg1 Nxg3 18.fxg3 Bxg3 19.hxg3 Rxg3+ 20.Kh1 Qd6 21.Rg1 Qg6 22.Qd1
Re8 23.Rxg3 Qxg3 24.Qg1 Qf4 25.Qh2 Qg4 26.Qf2 Re6 27.Nf1 Qh5 28.Ng3 Qe8 29.Bf4
Ne7 30.Re1 Ng6 31.Rxe6 Qxe6 32.Ng5 {#r} 1-0

[Event "11th Agzamov Mem 2017"]
[Site "Tashkent UZB"]
[Date "2017.05.04"]
[Round "3.1"]
[White "Bortnyk,Olexandr"]
[Black "Begmuratov,Alisher"]
[Result "1-0"]
[WhiteElo "2567"]
[BlackElo "2411"]

1.e4 e5 2.Nf3 Nc6 3.Bc4 Nf6 4.Ng5 d5 5.exd5 Na5 6.Bb5+ c6 7.dxc6 bxc6 8.Bd3
Nd5 9.Nf3 Bd6 10.O-O Nf4 11.Re1 Nxd3 12.cxd3 O-O 13.b3 Re8 14.Bb2 f6 15.Nc3 c5
16.Ne4 Be6 17.Rc1 Nb7 18.Qe2 a5 19.Ba3 a4 20.Bxc5 Bxc5 21.Nxc5 Nxc5 22.Rxc5
axb3 23.axb3 Bxb3 24.Rec1 Bf7 25.h3 Qd6 26.Rc6 Qd5 27.R6c5 Qd7 28.Rc7 Qd6
29.R1c6 Qd5 30.Qe4 Red8 31.Qg4 Bg6 32.Nh4 Qxd3 33.Rxf6 Ra6 34.Nxg6 Rxf6
35.Nxe5 Rg6 36.Nxg6 hxg6 37.Qe6+ Kh7 38.Qf6 Rd7 39.Qh4+ Kg8 40.Rxd7 Qxd7
41.Qc4+ Kh7 42.d3 Qb7 43.Qh4+ Kg8 44.Qe4 Qb1+ 45.Kh2 Qc2 46.Qc4+ {#r} 1-0

[Event "11th Agzamov Mem 2017"]
[Site "Tashkent UZB"]
[Date "2017.05.04"]
[Round "3.2"]
[White "Saydaliev,Saidakbar"]
[Black "Stupak,K"]
[Result "0-1"]
[WhiteElo "2380"]
[BlackElo "2560"]

1.e4 e6 2.d4 d5 3.Nd2 Be7 4.Bd3 c5 5.dxc5 Nf6 6.exd5 Qxd5 7.Ngf3 Qxc5 8.Qe2
Nbd7 9.O-O Qc7 10.c4 b6 11.b3 Bb7 12.Bb2 Rd8 13.Rfd1 O-O 14.Ne4 e5 15.Nxf6+
Bxf6 16.Be4 Rfe8 17.Ne1 Bxe4 18.Qxe4 Nc5 19.Qg4 a5 20.Nc2 Nd3 21.Bc3 Nf4
22.Ne3 h5 23.Qf3 e4 {#R} 0-1

[Event "11th Agzamov Mem 2017"]
[Site "Tashkent UZB"]
[Date "2017.05.04"]
[Round "3.5"]
[White "Egin,V"]
[Black "Abdusattorov,Nodirbek"]
[Result "0-1"]
[WhiteElo "2351"]
[BlackElo "2453"]

1.e4 e5 2.Nf3 Nc6 3.Bc4 g6 4.d4 exd4 5.Bg5 Be7 6.Bxe7 Qxe7 7.O-O Qc5 8.Bd5
Nge7 9.c3 Qb6 10.cxd4 Qxb2 11.Nbd2 Nxd4 12.Rb1 Nxf3+ 13.Qxf3 Qg7 14.Bxb7 Rb8
15.Bxc8 Rxc8 16.Qa3 Nc6 17.Nf3 f6 18.Rfd1 Qe7 19.Qd3 Rf8 20.Rb7 Rf7 21.Nd4
Nxd4 22.Qxd4 a6 23.Ra7 Qe6 24.Qd5 Qb6 25.Rb7 Qe6 26.Ra7 Re7 27.Rxa6 c6 28.Qxe6
Rxe6 29.Ra7 Re7 30.f3 f5 31.Kf2 fxe4 32.fxe4 Rb8 33.Kf3 Rb4 34.Rd2 Rf7+ 35.Ke3
Re7 36.Kf3 g5 37.g3 Rbxe4 38.Rdxd7 g4+ {#R} 0-1

[Event "11th Agzamov Mem 2017"]
[Site "Tashkent UZB"]
[Date "2017.05.04"]
[Round "3.6"]
[White "Sattarov,B"]
[Black "Papin,V"]
[Result "1-0"]
[WhiteElo "2324"]
[BlackElo "2433"]

1.d4 Nf6 2.Nc3 d5 3.Bg5 c5 4.Bxf6 gxf6 5.e4 dxe4 6.dxc5 f5 7.Qh5 Bg7 8.Bb5+
Nc6 9.Nge2 O-O 10.O-O Nd4 11.Rad1 e5 12.Nxd4 exd4 13.Ne2 a6 14.Bc4 Qe7 15.b4
Rd8 16.f3 e3 17.c3 Be6 18.Bxe6 d3 19.Rxd3 Rxd3 20.Qxf5 Rad8 21.Bc4 Rd2 22.g3
Qd7 23.Qg5 h6 24.Qh5 Rc2 25.f4 Qe7 26.f5 Qf6 27.Rf3 Re8 28.Rf4 Re7 29.Qf3 Rd2
30.a4 Kh8 31.b5 axb5 32.axb5 Bf8 33.Bd5 Re5 34.Bxb7 Bxc5 35.c4 Re7 36.Bd5 Ra7
37.Qh5 Raa2 38.Bf3 Bf8 39.Re4 Kh7 40.Re8 Bg7 41.b6 Qxb6 42.f6 Qb1+ 43.Kg2
Rxe2+ 44.Bxe2 Bxf6 45.Qxf7+ Bg7 46.Qg8+ Kg6 {#r} 1-0

[Event "11th Agzamov Mem 2017"]
[Site "Tashkent UZB"]
[Date "2017.05.04"]
[Round "3.7"]
[White "Khusenkhojaev,Muhammad"]
[Black "Holmirzaev,B"]
[Result "0-1"]
[WhiteElo "2433"]
[BlackElo "2355"]

1.Nf3 c5 2.c4 Nc6 3.d4 cxd4 4.Nxd4 e5 5.Nc2 Nf6 6.Nc3 Bc5 7.e3 O-O 8.Be2 d6
9.O-O a6 10.b3 Bf5 11.Bb2 Qe7 12.Nd5 Nxd5 13.cxd5 Na7 14.Rc1 Rac8 15.Qd2 Qg5
16.Rfd1 Bh3 17.Ne1 f5 18.Kh1 Bg4 19.Nd3 Bxe2 20.Qxe2 Bb6 21.f4 Qh6 22.fxe5
Bxe3 23.Rxc8 Nxc8 24.Ba3 Re8 25.e6 Bg5 26.Qf3 Rf8 27.Ne5 Bf4 {#R} 0-1

[Event "Zonal 2.5 2017"]
[Site "Villa Martelli ARG"]
[Date "2017.05.04"]
[Round "5.1"]
[White "Mareco,S"]
[Black "Morovic Fernandez,I"]
[Result "1-0"]
[WhiteElo "2655"]
[BlackElo "2527"]

1.d4 Nf6 2.c4 e6 3.Nf3 b6 4.g3 Bb7 5.Bg2 Bb4+ 6.Bd2 Bxd2+ 7.Qxd2 O-O 8.O-O d6
9.Qf4 Ne4 10.Rd1 f5 11.Qe3 Qf6 12.Nfd2 d5 13.Nxe4 fxe4 14.Nc3 Nd7 15.Bh3 Rad8
16.Nb5 c5 17.cxd5 exd5 18.Rac1 cxd4 19.Nxd4 Ne5 20.Ne6 d4 21.Rxd4 Rxd4 22.Nxd4
Rd8 23.Ne6 Rd6 24.Ng5 Qd8 25.f4 exf3 26.Qxe5 f2+ 27.Kxf2 Rf6+ 28.Kg1 {#r} 1-0

[Event "Zonal 2.5 2017"]
[Site "Villa Martelli ARG"]
[Date "2017.05.04"]
[Round "5.2"]
[White "Krysa,L"]
[Black "Real de Azua,E"]
[Result "1-0"]
[WhiteElo "2517"]
[BlackElo "2478"]

1.d4 Nf6 2.c4 e6 3.Nc3 Bb4 4.Nf3 b6 5.Qb3 c5 6.a3 Ba5 7.dxc5 bxc5 8.Bf4 Nc6
9.O-O-O O-O 10.e3 Qb6 11.Qxb6 axb6 12.Nb5 Ne4 13.Bg3 h6 14.Bd3 f5 15.Nd6 Nxg3
16.hxg3 Ba6 17.Bc2 Ra7 18.Ba4 Rfa8 19.Rh4 Kf8 20.g4 {#r} 1-0

[Event "Zonal 2.5 2017"]
[Site "Villa Martelli ARG"]
[Date "2017.05.04"]
[Round "5.3"]
[White "Valerga,D"]
[Black "Peralta,Fe"]
[Result "0-1"]
[WhiteElo "2460"]
[BlackElo "2565"]

1.e4 e6 2.d4 d5 3.Nc3 Nf6 4.Bg5 Bb4 5.Ne2 dxe4 6.a3 Be7 7.Bxf6 Bxf6 8.Nxe4 O-O
9.Qd2 Nd7 10.O-O-O Be7 11.g3 c6 12.Bg2 b5 13.h4 Rb8 14.Nf4 b4 15.axb4 Bxb4
16.c3 Be7 17.Qc2 Qa5 18.Kd2 e5 19.Ng5 Nf6 20.dxe5 Qxe5 21.Rhe1 Qc5 22.b4 Qxf2+
23.Kc1 Qxg3 24.Rxe7 Qxf4+ 25.Qd2 Qc4 26.Rc7 Rxb4 27.Rxc6 Bf5 28.Qd6 Rb1+
29.Kd2 Rb2+ {#R} 0-1

[Event "Zonal 2.5 2017"]
[Site "Villa Martelli ARG"]
[Date "2017.05.04"]
[Round "5.4"]
[White "Vasquez Schroeder,R"]
[Black "Della Morte,G"]
[Result "1-0"]
[WhiteElo "2554"]
[BlackElo "2375"]

1.e4 e5 2.Nf3 Nc6 3.Bc4 Nf6 4.Ng5 d5 5.exd5 Na5 6.Bb5+ c6 7.dxc6 bxc6 8.Bd3
Nd5 9.Nf3 Nf4 10.Bf1 Bd6 11.d3 O-O 12.Bxf4 exf4 13.Be2 g5 14.h3 f5 15.Nc3 Rb8
16.Rb1 Qf6 17.Kf1 Rd8 18.Na4 h5 19.c3 g4 20.hxg4 hxg4 21.Nd2 c5 22.a3 Nc6
23.b4 cxb4 24.axb4 Be6 25.d4 Kg7 26.Nb3 Rh8 27.Rg1 Bd5 28.Nac5 Rbe8 29.Nd2 Rh2
30.Bc4 Bxg2+ 31.Rxg2 Rh1+ 32.Rg1 Rxg1+ 33.Kxg1 Qh4 34.Bd5 Ne7 35.Bg2 Ng6
36.Ra1 Bb8 37.Nd3 Rh8 38.Nf3 Qh6 39.Ra6 Qh5 40.Qe2 gxf3 41.Qxf3 Qg5 42.Nc5 Qg4
43.Kf1 Re8 44.Ne6+ Kf7 45.Qxg4 fxg4 46.Bd5 Ke7 47.Ng7 Rd8 48.Nf5+ Kf8 49.Rf6+
{#r} 1-0

[Event "Zonal 2.5 2017"]
[Site "Villa Martelli ARG"]
[Date "2017.05.04"]
[Round "5.7"]
[White "Pierrot,Fac"]
[Black "Bitelmajer,M"]
[Result "1-0"]
[WhiteElo "2392"]
[BlackElo "2440"]

1.e4 e5 2.Nf3 Nc6 3.Bb5 a6 4.Ba4 Nge7 5.O-O g6 6.c3 Bg7 7.d4 exd4 8.cxd4 b5
9.Bb3 O-O 10.Nc3 d6 11.h3 Na5 12.Bc2 h6 13.b3 c5 14.Be3 Nac6 15.Qd2 Kh7
16.Rac1 f5 17.dxc5 f4 18.Bxf4 Bxc3 19.Qxc3 Rxf4 20.Rfd1 d5 21.Qd2 Rxf3 22.gxf3
d4 23.Qf4 Bxh3 24.Qf7+ Kh8 25.Qf6+ Kg8 26.Kh2 Qd7 27.Rg1 Rf8 28.Rxg6+ Nxg6
29.Qxg6+ Qg7 30.Qxg7+ Kxg7 31.Rg1+ Kh8 32.Kxh3 Rxf3+ 33.Kg2 Rc3 34.Bb1 {#r}
1-0

[Event "Zonal 2.5 2017"]
[Site "Villa Martelli ARG"]
[Date "2017.05.04"]
[Round "5.9"]
[White "Vergara Jofre,Felipe"]
[Black "Slipak,S"]
[Result "0-1"]
[WhiteElo "2247"]
[BlackElo "2465"]

1.e4 d5 2.exd5 Qxd5 3.Nc3 Qd8 4.d4 Nf6 5.Nf3 Bg4 6.Bc4 e6 7.h3 Bxf3 8.Qxf3 c6
9.Be3 Nbd7 10.Bd3 Bb4 11.O-O O-O 12.Ne4 Be7 13.c4 Nxe4 14.Bxe4 Nf6 15.Rfd1 Re8
16.Bc2 a5 17.Rd3 a4 18.Rad1 Qa5 19.d5 cxd5 20.cxd5 Nxd5 21.Rxd5 exd5 22.Rxd5
Qe1+ 23.Kh2 Rad8 24.Rf5 Bd6+ 25.g3 Re7 26.Bxa4 g6 27.Rf6 Be5 28.Bb3 Bxf6
29.Qxf6 Rdd7 30.Bd4 Rxd4 31.Qxd4 {#R} 0-1

[Event "Zonal 2.5 2017"]
[Site "Villa Martelli ARG"]
[Date "2017.05.04"]
[Round "5.10"]
[White "Restuccia,F"]
[Black "Scarella,E"]
[Result "1-0"]
[WhiteElo "2118"]
[BlackElo "2335"]

1.e4 d6 2.d4 Nf6 3.Nc3 Nbd7 4.Bc4 e5 5.Nge2 Be7 6.O-O c6 7.a4 O-O 8.Ng3 d5
9.exd5 cxd5 10.Bb3 exd4 11.Qxd4 Bc5 12.Qf4 d4 13.Nce4 Nxe4 14.Nxe4 Be7 15.Rd1
Nf6 16.Nxf6+ Bxf6 17.Be3 Qe7 18.Bxd4 Bxd4 19.Rxd4 Be6 20.Re1 Qc5 21.Re5 Qb6
22.Rb5 Qc6 23.Bxe6 fxe6 24.Qe4 Rad8 25.f3 Rxd4 26.Qxd4 Qxc2 27.Rxb7 Qb1+
28.Kf2 Qc2+ 29.Kg3 Qg6+ 30.Qg4 Qf6 31.h4 Qe5+ 32.Kh3 a5 33.Re7 Rf5 34.Qc4 Qf4
35.Re8+ {#r} 1-0

[Event "Zonal 2.5 2017"]
[Site "Villa Martelli ARG"]
[Date "2017.05.04"]
[Round "5.11"]
[White "De Dovitiis,A"]
[Black "Jodorcovsky,P"]
[Result "1-0"]
[WhiteElo "2327"]
[BlackElo "2219"]

1.c4 e6 2.e4 d5 3.exd5 exd5 4.d4 Bb4+ 5.Nc3 Ne7 6.Nf3 O-O 7.Be2 dxc4 8.Bxc4
Bg4 9.Be3 Nbc6 10.O-O Nf5 11.Qd3 Qd7 12.Ng5 h6 13.Qe4 hxg5 14.Qxg4 Rad8
15.Qxg5 Be7 16.Qh5 Ncxd4 17.Rad1 c6 18.g4 Nh4 19.Bxd4 Nf3+ 20.Kg2 Nxd4 21.Rd3
Qd6 22.Rfd1 g6 23.Qh6 {#r} 1-0

[Event "Zonal 2.5 2017"]
[Site "Villa Martelli ARG"]
[Date "2017.05.04"]
[Round "5.12"]
[White "Cimer,Emanuel"]
[Black "Zacarias,M"]
[Result "0-1"]
[WhiteElo "2258"]
[BlackElo "2188"]

1.e4 c5 2.Nf3 d6 3.Bb5+ Nc6 4.Bxc6+ bxc6 5.O-O e5 6.c3 f5 7.exf5 Be7 8.Re1 Nf6
9.d4 e4 10.dxc5 d5 11.Nd4 Bxc5 12.Nxc6 Qb6 13.Nd4 Bxd4 14.Qxd4 Qxd4 15.cxd4
Bxf5 16.Nc3 Kf7 17.Bg5 Be6 18.Bxf6 gxf6 19.Na4 Rab8 20.b3 Rb4 21.Red1 Bg4
22.Rd2 Rc8 23.Nc5 f5 24.h3 Bh5 25.g3 Ke7 26.Kh2 Bf3 27.Rc1 f4 28.Rg1 Rg8
29.Na4 Kd6 30.Nc3 a5 31.Nd1 a4 32.bxa4 Rxa4 33.Nc3 Rc4 34.Nb5+ Kd7 35.Rb2 Rc6
36.a4 Rcg6 37.Na7 e3 38.Rb7+ Ke6 39.Rb6+ Kf5 40.Rxg6 Rxg6 {#R} 0-1

[Event "Zonal 2.5 2017"]
[Site "Villa Martelli ARG"]
[Date "2017.05.04"]
[Round "5.13"]
[White "Lopez Azambuja,N"]
[Black "Godoy,C ARG"]
[Result "1-0"]
[WhiteElo "2269"]
[BlackElo "2114"]

1.d4 Nf6 2.c4 c5 3.d5 b5 4.cxb5 a6 5.bxa6 g6 6.Nc3 Bg7 7.a7 Rxa7 8.e4 d6 9.Nf3
O-O 10.Be2 Ba6 11.O-O Nbd7 12.a4 Nb6 13.Re1 Nc4 14.Qc2 Nd7 15.Bxc4 Bxc4 16.b3
Ba6 17.Rb1 Qb6 18.Be3 Bd4 19.Qd2 Bxe3 20.Qxe3 f6 21.h4 e5 22.Nxe5 fxe5 23.b4
Qd8 24.b5 Bb7 25.Ra1 {#r} 1-0

[Event "Zonal 2.5 2017"]
[Site "Villa Martelli ARG"]
[Date "2017.05.04"]
[Round "5.14"]
[White "Bernal,G"]
[Black "Pacheco,Dan"]
[Result "1-0"]
[WhiteElo "2061"]
[BlackElo "2279"]

1.d4 Nf6 2.c4 g6 3.Nc3 Bg7 4.e4 d6 5.f3 O-O 6.Be3 b6 7.Qd2 c5 8.Nge2 Nc6 9.d5
Ne5 10.Ng3 e6 11.Be2 exd5 12.cxd5 Re8 13.O-O a6 14.a4 h5 15.Bg5 Qc7 16.f4 Ned7
17.e5 dxe5 18.f5 Qd6 19.fxg6 fxg6 20.Nge4 Nxe4 21.Nxe4 Qb8 22.Bh6 Ra7 23.Bxg7
Kxg7 24.Qg5 Nf8 25.Bxh5 Qc7 26.Rf6 Qd8 27.Bxg6 {#r} 1-0

[Event "Zonal 2.5 2017"]
[Site "Villa Martelli ARG"]
[Date "2017.05.04"]
[Round "5.16"]
[White "Abarca Gonzalez,N"]
[Black "Cuberli,E"]
[Result "0-1"]
[WhiteElo "2426"]
[BlackElo "2162"]

1.d4 Nf6 2.c4 e6 3.Nc3 Bb4 4.a3 Bxc3+ 5.bxc3 d6 6.f3 O-O 7.e4 Nbd7 8.Bd3 b6
9.Ne2 c5 10.O-O Ba6 11.f4 cxd4 12.cxd4 e5 13.Bb2 Re8 14.Ng3 exd4 15.Bxd4 Nc5
16.Re1 Rc8 17.Rc1 d5 18.Bxc5 dxe4 19.Nxe4 bxc5 20.Nxf6+ Qxf6 21.Qf3 Qd4+
22.Kh1 g6 23.f5 Rxe1+ 24.Rxe1 Bxc4 25.Bxc4 Qxc4 26.f6 h5 27.Qb7 Rd8 28.Qxa7
Qd4 29.h3 Qd2 30.Rb1 c4 31.Qc7 c3 32.Rb7 Rf8 33.Rb6 Re8 34.Rb7 Kh8 35.Rb8 Rxb8
36.Qxb8+ Kh7 37.Qb4 Qe1+ 38.Kh2 Qe5+ 39.Kg1 c2 {#R} 0-1